[Event "Bonn GSK-2"]
[Site "Bonn"]
[Date "1995.??.??"]
[Round "5"]
[White "Proehl, Holger"]
[Black "Gurevich, Mikhail"]
[Result "1/2-1/2"]
[WhiteElo "2365"]
[BlackElo "2585"]
[Annotator "Gurevich,M"]
[PlyCount "123"]
[EventDate "1995.??.??"]
[EventType "tourn"]
[EventRounds "11"]
[EventCountry "GER"]
[EventCategory "7"]
[SourceTitle "EXT 1997"]
[Source "ChessBase"]
[SourceDate "1996.11.15"]
[SourceVersion "1"]
[SourceVersionDate "1996.11.15"]
[SourceQuality "1"]

1. e4 d6 2. d4 Nf6 3. Bd3 e5 4. c3 d5 5. dxe5 Nxe4 6. Nd2 (6. Nf3 {main line})
6... Nc5 7. Bc2 Nc6 $5 $146 (7... Be7 8. b4 Ne6 9. Nb3 b6 $6 (9... a5 $132) 10.
f4 $14 {Hort,V-Chernin,A/San Bernardino/1/2-1/2/1991/}) (7... Qg5 $6 8. Ne4
Qxe5 9. Nf3 Qe6 (9... Qe7 10. Qxd5 c6 (10... Nc6 $6 11. Bf4 $16) 11. Qxc5 Qxc5
12. Nxc5 Bxc5 13. O-O (13. Ng5 $1 h6 14. Ne4 Be7 15. Bf4 O-O 16. O-O-O $16)
13... O-O 14. Re1 (14. Ng5 $5) 14... Nd7 15. Bg5 Nf6 $14 {Poluljahov,A-Agrest,
E/RUS/1992/}) 10. Nfg5 Qc6 $13 (10... Qc6 11. Nxc5 Qxc5 12. O-O $44 {@
Poluljahov,A})) 8. b4 $5 Ne6 9. Ndf3 (9. b5 $6 Na5 $13) (9. Ngf3 d4 $5 10. b5
dxc3 11. bxc6 cxd2+ 12. Bxd2 bxc6 13. Be4 Qd7 $13 {(/\14...Nc5)}) 9... g6 $5 {
[/\10...Bg7 ><e5]} (9... a5 $6 10. b5 Na7 11. a4 c6 12. bxc6 Nxc6 13. Ne2 $14)
10. Ne2 Bg7 11. Ba4 $5 Bd7 (11... O-O $5 12. Bxc6 bxc6 13. O-O (13. Ned4 Nxd4
14. cxd4 Ba6 $15) 13... f6 $1 14. exf6 (14. Ned4 fxe5 15. Nxc6 Qd6 16. Qxd5
Qxd5 17. Ne7+ Kh8 18. Nxd5 Bb7 $17) 14... Qxf6 $15 15. Be3 (15. Ned4 Nxd4 16.
Nxd4 Ba6 $17) 15... Ba6 16. Nfd4 Rae8 $36) 12. Bb3 $6 (12. Qxd5 Nxe5 13. Bxd7+
Qxd7 $15 14. Qxb7 Nd3+ 15. Kf1 O-O $36) (12. O-O $5 Nxe5 13. Nxe5 Bxe5 14. Qxd5
Bxh2+ 15. Kxh2 Bxa4 16. Qxb7 Qh4+ 17. Kg1 O-O 18. Be3 $10) 12... Nxe5 13. Nxe5
Bxe5 $15 14. f4 (14. Qxd5 Qf6 $36) (14. Bxd5 c6 15. Bf3 a5 $5 $15) 14... Bg7
15. f5 gxf5 16. O-O $6 (16. Bxd5 c6 17. Bf3 Qh4+ 18. g3 Qc4 $17) (16. Qxd5 Qh4+
17. g3 Qe4 18. Qxe4 fxe4 19. Bd5 f5 (19... c6 20. Bxe4 a5 21. Rb1 axb4 22. Rxb4
Nc5 23. Bb1 $13) (19... Bc6 $15) 20. Bxb7 Rb8 21. Bd5 Rxb4 22. cxb4 Bxa1 23.
Be3 $132) 16... c6 17. Rxf5 Nc5 $5 (17... O-O 18. Bc2 Re8 $17 {(/\19...Nf8,20..
.Qe7)}) 18. Bg5 $5 Qc8 (18... Qc7 19. Bf4 Qb6 20. Be3 $5 Bxf5 21. Bxc5 Qc7 22.
Nd4 $36) (18... Qb6 $2 19. bxc5 Qxc5+ 20. Rf2 $16) (18... f6 19. Re5+ Ne6 20.
Nd4 $36) 19. Rf4 Nxb3 $6 (19... Ne6 $1 20. Rf5 (20. Bf6 $4 Nxf4 21. Bxg7 Bg4 $1
22. Bxh8 Nxe2+ 23. Kf2 Qf5+ $19) 20... Nxg5 21. Rxg5 Bf6 22. Rg3 Qc7 23. Re3+
Be6 24. Nd4 O-O-O $15) 20. axb3 O-O 21. Bf6 $1 Bxf6 22. Rxf6 Qe8 23. Qd2 Qe5
24. Rf3 $1 $44 (24. Raf1 Rae8 25. Nd4 Qe3+ $17) 24... Rae8 25. Nd4 (25. Rxa7 $5
Bg4 26. Rg3 h5 27. Nd4 $13 (27. h3 Qxe2 28. Qg5+ Kh7 29. hxg4 Re5 30. Qf6 $36))
25... a6 26. Raf1 f5 27. Qg5+ Kh8 (27... Qg7 28. Qf4 $5) 28. Qh5 (28. Nxf5 $6
Rxf5 29. Rxf5 Bxf5 30. Rxf5 Qxc3 $17) 28... Re7 29. h3 Rg7 30. R1f2 Qe1+ 31.
Rf1 Qd2 32. R1f2 Qg5 33. Qxg5 Rxg5 34. Kf1 Kg7 35. g4 $1 $13 Re8 (35... Kg6 36.
gxf5+ Bxf5 $2 37. Ne6 $16) 36. gxf5 Re4 (36... Kf6 37. Ne6 $13) 37. Ne6+ Bxe6
38. fxe6 Rxe6 39. Rf7+ Kg6 40. Rxb7 Rg3 41. Rg2 Rxg2 42. Kxg2 Re2+ $1 $15 43.
Kf3 Rc2 44. c4 Rc3+ 45. Kg2 Rxb3 (45... dxc4 46. bxc4 Rxc4 47. Rb6 $10) 46. Rb6
d4 $1 47. Rxa6 Kf5 48. Rxc6 Rxb4 49. Rh6 Ke4 50. Rxh7 d3 51. Rd7 $2 (51. Kf2
Rb2+ 52. Ke1 Kd4 53. Ra7 $1 Kc3 54. Ra3+ Kc2 55. Ra1 $10) 51... Ke3 52. Re7+
Kd2 53. Rd7 Kc2 $2 (53... Ke2 $1 54. Re7+ Kd1 55. c5 (55. Kf3 Rxc4 (55... d2
56. Kg4 Kc1 57. Rd7 Rxc4+ 58. Kg5 d1=Q 59. Rxd1+ Kxd1 60. h4 Ke2 61. h5 Kf3 62.
h6 $10)) (55. Kg3 Rxc4 56. h4 d2 57. h5 Kc1 58. Rd7 d1=Q 59. Rxd1+ Kxd1 60. h6
Rc6 61. h7 Rh6 $19) 55... d2 56. c6 Kc2 57. c7 Rc4 58. Rd7 d1=Q 59. Rxd1 Kxd1
60. Kg3 Ke2 61. h4 Ke3 62. h5 Rxc7 63. Kg4 Ke4 64. Kg5 Rc5+ 65. Kg6 Kf4 66. h6
Rc6+ 67. Kg7 Kg5 68. h7 Rc7+ 69. Kg8 Kg6 $19) 54. Kf3 $1 $10 Rb1 (54... Rxc4
55. Ke3 Rc8 56. h4 Re8+ 57. Kf4 $10) 55. h4 d2 56. h5 d1=Q+ 57. Rxd1 Rxd1 58.
Kf4 Kd3 59. Kf5 Kxc4 60. h6 Rd6 (60... Kd5 61. h7 Rh1 62. Kg6 Ke6 63. Kg7 $10)
61. Kg5 Rxh6 62. Kxh6 1/2-1/2

[Event "Izmir op"]
[Site "Izmir"]
[Date "2004.09.07"]
[Round "8.2"]
[White "Karadeniz, Ali Emre"]
[Black "Gurevich, Mikhail"]
[Result "0-1"]
[WhiteElo "2309"]
[BlackElo "2667"]
[Annotator "Gurevich,M"]
[PlyCount "47"]
[EventDate "2004.09.??"]
[EventType "swiss"]
[EventRounds "9"]
[EventCountry "TUR"]
[SourceTitle "CBM 103"]
[Source "ChessBase"]
[SourceDate "2004.11.11"]
[SourceVersion "1"]
[SourceVersionDate "2004.11.11"]
[SourceQuality "1"]

1. e4 d6 2. d4 Nf6 3. Nc3 g6 4. Be3 c6 5. Qd2 b5 6. Bd3 Nbd7 7. Nf3 Bb7 8. h3
e5 9. dxe5 dxe5 10. O-O Bg7 11. Ne2 Qe7 12. a4 a6 13. Ng3 Nc5 $5 (13... O-O 14.
c4 $36 {[-Adams,M-Gurevich,M Wijk aan Zee 2002 1-0(44)]}) 14. b4 Nxa4 15. Rxa4
bxa4 16. Bc5 Qc7 17. Bc4 $5 (17. Qg5 h6 18. Qxe5+ Qxe5 19. Nxe5 Nd7 20. Nxd7
Kxd7 21. Bc4 Ke8 22. e5 Bc8 23. Ra1 Be6 24. Bxe6 fxe6 25. Bd6 $44 {1/2-1/2
Midoux,S-Marcelin,C/Aix les Bains 2003/EXT 2004 (34)}) 17... Rd8 18. Qg5 {
[/\19.Qxe5,19.Nf5]} (18. Qe3 $5 Rd7 19. Qg5 $36) 18... Bc8 $5 {[xf5;/\19...Be6]
} (18... Ng8 19. Nh5 f6 20. Nxg7+ Qxg7 21. Qe3 $44) 19. Nxe5 $6 (19. Nf5 $5
Bxf5 20. exf5 Ne4 21. Qh4 (21. Qe3 Nxc5 22. Qxc5 Qd6 $17) 21... gxf5 (21...
Nxc5 22. f6 Bf8 23. bxc5 Bxc5 24. Re1 $36) 22. Qh5 {(/\23.Qf5,23.Bb6)} Rd7 (
22... Nxc5 23. Ng5 $36) 23. Qxf5 Nxc5 24. bxc5 h6 25. Qg4 $44 {(/\Nf3-h4-f5)})
19... h6 20. Qf4 (20. Nh5 Nxh5 21. Bxf7+ (21. Qxd8+ Kxd8 22. Nxf7+ Qxf7 23.
Bxf7 Kc7 $17) 21... Qxf7 22. Qxd8+ Kxd8 23. Nxf7+ Kc7 $17) 20... Be6 $17 21.
Bxe6 fxe6 {[/\22...g5]} 22. h4 (22. Nxg6 Qxf4 23. Nxf4 Kf7 $17 {(/\a4-a3...)})
22... Rg8 $5 {[/\23...Bh8,24...g5]} 23. Ra1 $2 $138 (23. c3 $142 Bh8 24. Bd4 a5
$1 $17) 23... Bh8 $19 24. Rxa4 (24. Rxa4 g5 25. hxg5 hxg5 26. Qf3 Qxe5) 0-1

[Event "Cappelle op 14th"]
[Site "Cappelle la Grande"]
[Date "1998.02.21"]
[Round "1"]
[White "De Vreugt, Dennis"]
[Black "Gurevich, Mikhail"]
[Result "0-1"]
[WhiteElo "2380"]
[BlackElo "2635"]
[Annotator "Gurevich,M"]
[PlyCount "120"]
[EventDate "1998.02.21"]
[EventType "swiss"]
[EventRounds "9"]
[EventCountry "FRA"]
[SourceTitle "CBM 064"]
[Source "ChessBase"]
[SourceDate "1998.06.02"]
[SourceVersion "1"]
[SourceVersionDate "1998.06.02"]
[SourceQuality "1"]

1. e4 d6 2. d4 Nf6 3. Nc3 g6 4. Bg5 c6 5. f4 Bg7 6. Qd2 b5 7. a3 O-O (7... a6
8. Nf3 Nfd7 9. Be2 c5 10. Nd5 Nc6 11. c3 Bb7 12. Rd1 cxd4 13. cxd4 Nb6 14. Ne3
d5 15. e5 Nc4 16. Bxc4 bxc4 {1/2-1/2 Rodriguez,P-Martin del Campo,R/Havana
Capablanca Premier (4) 1997 (49)} 17. f5 $5 $36) 8. Nf3 Nh5 $5 {TN With idea 9.
..f6, 10...Bh6} (8... a6 9. Be2 Nbd7 10. e5 Ne8 11. O-O f6 12. Bh4 Nb6 13. Rad1
Be6 14. Qe1 Qd7 15. Bd3 Nc7 16. Ne4 {1-0 Hendriks,W-Janssen,G/Enschede NED-sf
1998 (52)} Nc4 $5 17. Rb1 (17. b3 Nb2 $15) 17... a5 $1 $132) 9. Bd3 f6 (9...
Bg4 $5) 10. Bh4 Bh6 11. Ne2 (11. g3 Bg4 12. O-O Qb6 13. Ne2 e5 $132) 11... e5
12. dxe5 dxe5 13. Nxe5 Qc7 $1 (13... g5 14. O-O-O $1 Qe7 (14... gxh4 15. Bc4+
bxc4 16. Qxd8 Nxf4 $1 $13) 15. Nxc6 $5 (15. fxg5 fxe5 16. Bxb5 Be6 17. g3 $1
Bg7 18. g6 $13) 15... Nxc6 16. fxg5 Bxg5 17. Bxg5 fxg5 18. Bxb5 $36) 14. Nf3
Nxf4 15. Nxf4 Bxf4 16. Qe2 Bg4 $5 17. h3 Bxf3 18. Qxf3 Nd7 19. O-O Be5 20. c3
Kg7 (20... Bh2+ 21. Kh1 Ne5 22. Qe2 Nxd3 23. Qxd3 Rad8 24. Qf3 Be5 25. Rad1 $11
) 21. Kh1 Nb6 {with idea 22...a6, c6-c5-c4} 22. Qe2 $6 (22. Rad1 $142) 22...
Rad8 (22... Bg3 $15) 23. Rad1 Bg3 $5 $15 24. Bxg3 Qxg3 25. Bc2 Nc4 26. Bb3 Ne5
27. Kg1 a5 $5 28. a4 $6 (28. Qe1 Qxe1 29. Rfxe1 a4 30. Ba2 Rfe8 $15) 28... b4
29. Qe1 Qxe1 30. Rfxe1 bxc3 31. bxc3 Rb8 $17 32. Rb1 Rfd8 33. Be6 Kf8 34. Bg4
Ke7 35. Kf1 Nc4 36. Kf2 Rd2+ 37. Be2 Rbb2 38. Rbd1 Rxd1 39. Rxd1 Nb6 (39... Ra2
40. Rb1 Rxa4 41. Rb7+ Kd6 42. Rxh7 Nd2 $17) 40. Ra1 Rc2 41. Ra3 Kd6 42. Ke3 Kc5
43. e5 (43. Kd3 Rb2 44. Ke3 Nc4+ 45. Bxc4 Kxc4 $19) 43... fxe5 44. Kd3 Rb2 45.
Bf3 Nc4 $19 46. Ra1 Rd2+ 47. Ke4 Rd5 48. Bg4 Rd2 49. Bf3 Rd8 50. Bg4 Rf8 51.
Kd3 Rf4 52. Bf3 Nd6 53. Re1 e4+ 54. Ke3 (54. Bxe4 Rxe4 55. Rxe4 Nxe4 56. Kxe4
Kc4 $19) 54... g5 55. Bg4 Nc4+ 56. Ke2 Nb6 57. Ra1 Nd5 58. Rc1 Rf8 59. c4 Nf4+
60. Ke3 Nxg2+ (60... Nxg2+ 61. Kxe4 Rf4+ 62. Ke5 Ne3 $19) 0-1

[Event "Bonn GSK"]
[Site "Bonn"]
[Date "1996.??.??"]
[Round "?"]
[White "Kveinys, Aloyzas"]
[Black "Gurevich, Mikhail"]
[Result "1/2-1/2"]
[WhiteElo "2530"]
[BlackElo "2605"]
[Annotator "Gurevich,M"]
[PlyCount "88"]
[EventDate "1996.08.??"]
[EventType "tourn"]
[EventRounds "12"]
[EventCountry "GER"]
[EventCategory "12"]
[SourceTitle "CBM 056"]
[Source "ChessBase"]
[SourceDate "1997.02.01"]
[SourceVersion "1"]
[SourceVersionDate "1997.02.01"]
[SourceQuality "1"]

1. e4 d6 2. d4 Nf6 3. Nc3 g6 4. Bc4 Bg7 5. Qe2 Nc6 6. e5 Ng4 7. Bb5 O-O 8. Bxc6
bxc6 9. h3 Nh6 10. Nf3 c5 $5 11. dxc5 Bb7 12. Bxh6 $6 {TN} (12. Bf4 Rb8 $5 $132
) 12... Bxh6 13. O-O Rb8 $5 {[/\14...Bxf3]} 14. Rfd1 $5 (14. exd6 cxd6 15. cxd6
Qxd6 16. Rfd1 Qb4 17. Rab1 Bg7 $132) 14... Bg7 15. Ne4 (15. exd6 exd6 16. cxd6
cxd6 $13 (16... Re8 $5 17. Qd3 cxd6 18. Rab1 Qf6 (18... Qa5 $5 $132))) 15...
Qe8 $1 $44 16. b4 (16. cxd6 exd6 $15) 16... Qc6 17. Nc3 dxc5 $6 (17... dxe5 $5
18. Nd5 Rfe8 19. Qc4 (19. Nxe5 Qe6 20. Nxc7 Qxe5 21. Qxe5 Bxe5 22. Nxe8 Bxa1
$17) (19. Qe3 e4 $5 20. b5 Qxb5 21. Nxc7 Qc6 22. Nxe8 Bxa1 $19) 19... e6 20.
Nc3 Ba6 $17) 18. b5 Qe6 19. Re1 Rfd8 20. Rab1 Bxf3 21. Qxf3 Bxe5 22. Qe3 $1 $10
Bxc3 (22... Bg7 23. Qxe6 fxe6 24. Ne4 $132) 23. Qxc3 Qd6 24. Re5 c4 25. Rbe1 e6
26. Qxc4 Rd7 27. Rc5 Qd2 28. Re4 Rbd8 (28... Qa5 29. a4 Rbd8 30. Rc6 $14) 29.
Qc3 (29. Rxc7 $2 Qd1+ 30. Kh2 Qd6+) 29... Qd1+ 30. Re1 Qd6 (30... Qxe1+ 31.
Qxe1 Rd1 32. Kf1 Rxe1+ 33. Kxe1 Rd7 34. Rc6 $16) 31. Rc6 Qf4 32. Qe5 Qxe5 33.
Rxe5 Rd1+ $5 (33... Rb8 34. Rec5 Rb7 35. a4 $14) 34. Kh2 R8d2 35. Rxc7 Rxf2 36.
Rxa7 Rxc2 $10 37. a4 Rb2 38. Re3 (38. a5 Rdd2 39. Kg3 Rxg2+ 40. Kf4 Rgf2+ 41.
Kg3 (41. Ke4 Rbe2+ 42. Kd4 Rf4+ $19) 41... Rg2+ $13) 38... Ra1 (38... Rdd2 39.
Rg3 e5 $13) 39. Rf3 Raa2 40. Rfxf7 $10 Rxg2+ 41. Kh1 Rh2+ 42. Kg1 Rag2+ 43. Kf1
Rc2 44. Kg1 Rcg2+ 1/2-1/2

[Event "Hoogeveen Essent op"]
[Site "Hoogeveen"]
[Date "2004.10.20"]
[Round "6"]
[White "Li, Shilong"]
[Black "Gurevich, Mikhail"]
[Result "0-1"]
[WhiteElo "2526"]
[BlackElo "2644"]
[Annotator "Gurevich,M"]
[PlyCount "83"]
[EventDate "2004.10.15"]
[EventType "swiss"]
[EventRounds "9"]
[EventCountry "NED"]
[SourceTitle "CBM 102 Extra"]
[Source "ChessBase"]
[SourceDate "2004.11.03"]
[SourceVersion "1"]
[SourceVersionDate "2004.11.03"]
[SourceQuality "1"]

1. d4 d6 2. e4 Nf6 3. Nc3 g6 4. Be3 c6 5. Qd2 b5 6. Bd3 Nbd7 7. Nf3 e5 8. O-O
Bb7 9. a4 b4 (9... a6 {-Gelfand,B-Ponomariov,R Biel 2000 1/2 1/2}) 10. Ne2 a5
11. c3 bxc3 12. bxc3 Bg7 13. dxe5 dxe5 14. h3 (14. Rab1 $5 Qc7 15. Qb2 Bc8 $14)
14... O-O 15. Rab1 Qc7 16. Ng3 c5 $5 {[/\17...c4<=>]} 17. Qc2 Rab8 (17... c4
18. Bxc4 Qxc4 19. Rxb7 $16) 18. Bb5 Nb6 19. Rfd1 Rfd8 20. Nd2 h5 $5 {[/\21...
h4;Nf6-h5-f4<=>]} 21. Bg5 c4 22. Nf3 Rxd1+ 23. Rxd1 Nc8 $1 {[/\Nc8-a7,
Nc8-d6<=>]} 24. Bxf6 (24. Qd2 Na7 25. Qd6 Qxd6 26. Rxd6 Nxb5 27. axb5 Nxe4 28.
Rb6 Nxc3 $19) 24... Bxf6 25. Rd7 Qc5 $15 26. Qd2 $5 (26. Qd1 h4 27. Nf1 Bxe4
28. Ne3 Nb6 $17) 26... Nb6 (26... h4 27. Nh5 gxh5 28. Qh6 $40) 27. Rd6 Be7 {
Diagram} 28. Rxb6 $6 (28. Re6 $3 $40 {(/\29...Qh6|^>>)} Bf8 $5 (28... Rd8 $2
29. Qh6 $1 Qc7 $8 (29... Bf8 30. Rxg6+ fxg6 31. Qxg6+ Bg7 32. Nxh5 Qe7 33. Qxb6
Bxe4 34. Bxc4+ Kh8 35. Nxg7 Kxg7 36. Qe3 $16) 30. Be8 $1 Rxe8 31. Ng5 $18) (
28... Qc7 29. Qh6 Bf8 30. Rxg6+ fxg6 31. Qxg6+ Qg7 (31... Kh8 32. Ng5) 32. Qxb6
$18) (28... fxe6 29. Qh6 Kf7 30. Qh7+ $40) 29. Rxe5 Qd6 $44) 28... Qxb6 29.
Nxe5 Qc7 (29... Qd6 30. Qxd6 Bxd6 31. Nxc4 Bc7 (31... Bxg3 32. fxg3 Bxe4 33.
Nxa5 $13) 32. e5 $132) 30. Nxg6 $1 fxg6 31. Qh6 Kf7 32. Nf5 $2 $138 (32. Qh7+
Kf6 33. Nxh5+ $1 gxh5 34. Qh6+ Ke5 35. Qxh5+ Kf6 (35... Kxe4 36. Qf3+ Ke5 37.
Qg3+ $18) (35... Ke6 36. Qf5+ Kd6 37. Qf4+ $18) (35... Kd6 36. Qh6+ Ke5 37.
Qh5+ $11) 36. Qh6+ $11) 32... gxf5 33. Qh7+ Kf6 34. Qh6+ Ke5 $1 $19 35. Qg7+ (
35. g3 $5 Bd8 $1 36. Qf4+ Ke6 37. Qxf5+ Kd6 38. Qf4+ Ke7 39. Qg5+ Kf7 40. Qxh5+
Kg7 41. Qg4+ Kf8 $19) 35... Ke6 36. exf5+ (36. Qg6+ Bf6 37. Qxf5+ Ke7 38. Qh7+
Kd6 $19) 36... Kxf5 37. Qf7+ (37. g4+ Ke6 38. Qh6+ Bf6 39. g5 Qg7 $19) 37...
Ke5 38. Qxh5+ Ke6 39. Qg4+ Kf6 40. Qh4+ Kg6 41. Qg4+ Bg5 42. Bxc4 (42. Bxc4 Re8
43. h4 Re1+ 44. Bf1 Qf4 $19) 0-1

[Event "Belfort Masters 6th"]
[Site "Belfort"]
[Date "2003.12.15"]
[Round "1"]
[White "Tregubov, Pavel V"]
[Black "Gurevich, Mikhail"]
[Result "0-1"]
[WhiteElo "2635"]
[BlackElo "2656"]
[Annotator "Gurevich,M"]
[PlyCount "72"]
[EventDate "2003.12.15"]
[EventType "tourn"]
[EventRounds "10"]
[EventCountry "FRA"]
[EventCategory "15"]
[SourceTitle "CBM 099"]
[Source "ChessBase"]
[SourceDate "2004.03.30"]
[SourceVersion "1"]
[SourceVersionDate "2004.03.30"]
[SourceQuality "1"]

1. d4 d6 2. Nf3 g6 3. e4 Nf6 4. Nbd2 Bg7 5. Bc4 Nc6 6. d5 {TN} (6. O-O O-O 7.
Qe2 e5 8. dxe5 dxe5 9. c3 Nh5 10. Nb3 Nf4 11. Bxf4 exf4 12. Rad1 Qe7 13. Rfe1
Bg4 14. h3 Bxf3 15. gxf3 Ne5 16. Nc1 a5 17. a4 Qh4 $15 {1/2-1/2 Minic,
D-Petrosian,T/Zagreb 1965/MCL (27)}) 6... Nb8 $5 (6... Ne5 7. Nxe5 dxe5 8. Bb5+
$14) 7. O-O O-O 8. Re1 c6 9. h3 Nbd7 10. dxc6 (10. Nf1 b5 $5 11. Bb3 Bb7 $132)
10... bxc6 11. Nb3 Bb7 $5 (11... d5 12. exd5 Nb6 13. Bd3 cxd5 14. Be3 $14 {
(/\15.Bd4)}) 12. Bd3 (12. Bd2 c5 13. Ba5 Qc8 14. Nbd2 Nb6 $132) 12... a5 13.
Be3 $6 (13. a4 c5 14. Nbd2 $13 {(/\15.Bb5)}) 13... a4 14. Nbd2 c5 15. Rb1 Qc7
16. Bf4 {[/\17.e5]} Nh5 17. Bh2 Bh6 $5 {[/\18...Nf4]} 18. Nc4 Nf4 19. Bf1 (19.
Bxf4 Bxf4 20. g3 $6 Bxg3 $1 21. fxg3 d5 $17) 19... Nf6 $15 20. Nfd2 (20. e5
dxe5 21. Ncxe5 Rfd8 $36) 20... Rfd8 (20... d5 $5 21. exd5 Bxd5 $36 {(/\22...
Rfd8;22...Qb7)}) 21. Ne3 Bc6 22. Bxf4 $6 (22. c4 {(/\23.Nd5)} Qa5 $5 23. Nd5
N4xd5 24. exd5 Bxd2 25. Re2 Bxd5 26. cxd5 Bg5 $15) 22... Bxf4 23. g3 Bh6 24.
Bg2 e6 $17 25. c4 Rab8 26. Qc2 Rb4 27. a3 Rb6 {[/\28...Rdb8,29...Qb7;xb2]} 28.
Ndf1 Rdb8 29. Red1 Bg7 30. Rd2 Ne8 31. Qc1 $2 $138 (31. Nd1 Qb7 32. Nfe3 Bd4
$17) 31... Qb7 $19 32. Nd1 Bxe4 33. Bxe4 Qxe4 34. Nfe3 Rb3 35. Qc2 Qxc2 36.
Nxc2 (36. Rxc2 Rxa3 $19) 36... Bxb2 0-1

[Event "Hoogovens op"]
[Site "Wijk aan Zee"]
[Date "1993.01.??"]
[Round "5"]
[White "Leko, Peter"]
[Black "Gurevich, Mikhail"]
[Result "0-1"]
[WhiteElo "2465"]
[BlackElo "2610"]
[Annotator "Gurevich,M"]
[PlyCount "70"]
[EventDate "1993.01.??"]
[EventType "swiss"]
[EventRounds "12"]
[EventCountry "NED"]
[SourceTitle "CBM 034"]
[Source "ChessBase"]
[SourceDate "1993.06.01"]
[SourceVersion "1"]
[SourceVersionDate "1993.06.01"]
[SourceQuality "1"]

1. e4 {Stohl} g6 2. d4 d6 3. Nc3 Bg7 4. Bg5 c6 (4... Nf6 {Stohl -B07}) 5. Qd2
b5 6. f4 Nf6 (6... b4 {Stohl} 7. Nd1 Qb6 8. e5 $5 Nh6 9. Nf3 f6 10. exf6 exf6
11. Bxh6 Bxh6 12. Nf2 O-O 13. O-O-O {Zaichik,G-D'Amore,C,New York op 1990-EXP
16} Be6 $13) (6... Nd7 {Stohl} 7. Nf3 (7. e5 f6 8. exf6 exf6 9. Bh4 Nb6 10. Ne4
Nh6 11. O-O-O d5 12. Nc5 O-O 13. Re1 Nf5 14. Bf2 Nd6 15. h4 Ne4 16. Nxe4 dxe4
17. h5 Qd5 18. hxg6 hxg6 19. Qa5 Nc4 20. Bxc4 $15 {1/2:1/2,Ulybin,M-Belov,I,
Voskresensk 1990-CBM 19}) 7... b4 8. Nd1 Ngf6 9. Nf2 O-O 10. Bd3 Qb6 11. c4 h6
$6 (11... bxc3 $142 12. bxc3 $13) 12. Bh4 e5 13. c5 $1 $16 {Filipenko,A-Belov,
I,Moscow Tal 1992}) 7. Bd3 Nbd7 (7... O-O 8. Nf3 Bg4) 8. Nf3 O-O (8... b4 $5 {
Stohl} 9. Ne2 Qb6 10. O-O O-O 11. Kh1 Ba6 12. c4 $6 bxc3 13. bxc3 Qa5 14. e5
Nd5 15. c4 Qxd2 16. Nxd2 f6 $1 17. exf6 exf6 18. Bh4 Rfe8 $15 {Birmingham,
E-Bernard,C,Clichy 1990}) 9. e5 (9. O-O {Stohl} Nb6 10. Rae1 b4 11. Ne2 c5 12.
c4 bxc3 13. bxc3 cxd4 14. cxd4 d5 15. Bxf6 exf6 $1 16. Nc3 dxe4 17. Bxe4 Rb8
18. Bc6 Ba6 $36 {Tiviakov,V-Hennigan,M,Oakham 1992-CBM 30}) 9... b4 10. Nd1 $6
(10. exf6 bxc3 11. Qxc3 Nxf6 $5 12. Qxc6 Rb8 $44) (10. Ne2 $5 Nd5 $5 (10...
dxe5 11. fxe5 Nd5 12. Bh6 $40) 11. exd6 f6 12. dxe7 Qxe7 13. Bh4 $14 Ne3 $6 14.
Bf2 $1 (14. Rg1 {Stohl}) 14... Nxg2+ $2 15. Kf1 $18) 10... Nd5 11. exd6 (11.
O-O f6 $5 12. exf6 exf6 13. Bh4 Bh6 14. Bg3 Re8 $132) 11... f6 12. Bh4 exd6 (
12... Bh6 $142) 13. O-O (13. f5 $5 Re8+ 14. Kf1 g5 15. Bg3 N7b6 $13) 13... Bh6
$5 $132 14. Bg3 N7b6 15. a3 (15. c4 $5 bxc3 16. Nxc3 (16. bxc3 {Stohl} c5 $36)
16... Nb4 17. Be2 Bf5 $132) 15... a5 16. axb4 Nxb4 $5 (16... axb4 17. Rxa8 Nxa8
18. c4 bxc3 19. bxc3 Nab6 20. c4 $14) 17. Be2 Re8 18. c3 (18. Nf2 $5 {Stohl /\}
Bf5 19. Nd3 $132) 18... N4d5 19. Bd3 c5 $5 {/\ 20...c4} 20. dxc5 (20. Nf2 $142
{Stohl} c4 21. Bc2 Bd7 $15) 20... dxc5 21. Nf2 Qc7 (21... Bb7 $6 22. Ng4 Bg7
23. f5 $16) 22. Rfe1 (22. f5 $2 Qg7 23. Qc2 c4 $17 {/\ 24...Ne3}) (22. Bc4 {
Stohl} Nxc4 23. Qxd5+ Be6 $17) 22... Rd8 $5 (22... Rxe1+ {Stohl} 23. Rxe1 $132)
23. Qc2 $2 (23. Rad1 $1 $13 Bxf4 24. Bxf4 Nxf4 25. Bc4+ Nfd5 26. Ba2 $36) 23...
Bxf4 24. Bxf4 Nxf4 25. Be4 Bb7 26. g3 Nh5 27. Bxb7 Qxb7 28. Qe4 Qc7 $1 (28...
Qxe4 29. Nxe4 $10 {/\ 30.g4}) 29. Qe6+ Kf8 $1 $17 {/\ 30...Re8} 30. g4 $6 (30.
Rad1 Re8 31. Qg4 $17) (30. Ne4 $142 $17 {Stohl <=>}) 30... Re8 31. Qb3 Nf4 $19
{>< Kg1} 32. Rxe8+ Rxe8 33. Rxa5 Qc6 (33... Qb7 $19) 34. Ra7 Nd7 35. Qb7 (35.
c4 {Stohl} Qxf3 $19) 35... Qxf3 $1 (35... Qxf3 $1 36. Qxf3 Re1#) 0-1

[Event "Bad Zwesten op"]
[Site "Bad Zwesten"]
[Date "2008.01.07"]
[Round "8"]
[White "Mainka, Romuald"]
[Black "Porper, Edward"]
[Result "1/2-1/2"]
[WhiteElo "2499"]
[BlackElo "2467"]
[Annotator "Gutman,L"]
[PlyCount "100"]
[EventDate "2008.01.02"]
[EventType "swiss"]
[EventRounds "9"]
[EventCountry "GER"]
[SourceTitle "CBM 123"]
[Source "ChessBase"]
[SourceDate "2008.04.02"]
[SourceVersion "1"]
[SourceVersionDate "2008.04.02"]
[SourceQuality "1"]

1. e4 d6 2. d4 Nf6 3. Bd3 e5 4. c3 c6 5. Nf3 Nbd7 6. O-O g6 ({Bei Philidor zu
bleiben mit} 6... Be7 {wirkt etwas solider.}) 7. Nbd2 Bg7 8. b3 $6 ({Bessere
Chancen versprach Weiß} 8. Nc4 $5 Qc7 9. Bc2 {, etwa} Nb6 10. dxe5 Nxc4 11.
exf6 Bxf6 12. Bb3 Ne5 13. Nxe5 dxe5 14. Bh6 $14) 8... Qc7 (8... O-O $5 9. Ba3
c5 $11) 9. a4 ({Auf} 9. Ba3 {gleicht} c5 10. b4 b6 11. bxc5 bxc5 12. Nc4 O-O
$11 {aus.}) 9... O-O 10. Ba3 Re8 (10... c5 $11) 11. Qc2 Bf8 12. Rfe1 b6 13. b4
Bb7 14. Qb3 d5 15. exd5 Nxd5 $2 ({Konsequenter war} 15... cxd5 16. dxe5 Nxe5
$11 {und Schwarz steht nicht schlechter.}) 16. Bc4 exd4 17. cxd4 Qf4 18. b5
Bxa3 19. bxc6 Bxc6 20. Bxd5 Bxd5 21. Qxd5 Nf6 22. Qb3 Bd6 23. Nc4 Bc7 24. Nce5
Ng4 $2 ({Notwendig war} 24... Bxe5 25. dxe5 Ng4 26. Qb2 $14 {mit bessseren
Aussichten für Weiß.}) 25. Nxg4 $2 ({Ein für Romuald unglaublicher Fehler.
Nach dem ziemlich einfachen} 25. Re4 $1 {ist Schwarz veroren,} Bxe5 (25... Qf5
$2 26. Nxg4 $18) (25... Qxe4 $2 26. Qxf7+ Kh8 27. Ng5 $18) 26. Rxf4 Bxf4 27. g3
$18) 25... Qxg4 26. Qb5 Red8 (26... Rxe1+ 27. Rxe1 Rd8 28. Re7 Bd6 29. h3 Qf4
$11) 27. Rac1 Bf4 (27... Bd6 $11) 28. Rc2 Qd7 29. Qb3 Re8 30. Rxe8+ Rxe8 31. g3
Bb8 32. Qb5 Qxb5 33. axb5 Rd8 34. Kf1 Kg7 35. Ke2 Bd6 $6 ({Nach} 35... Rd5 36.
Rb2 f5 37. Kd3 Kf6 38. Kc4 Rd7 39. Re2 $14 {bleibt der schwarze Nachteil in
Rahmen.}) 36. Kd3 Kf6 37. Nd2 Ke7 38. Rc6 h5 39. h4 Rd7 40. Kc4 Ba3 41. Ne4 Bb2
42. d5 Be5 43. f3 Kd8 44. f4 ({Auch} 44. g4 $5 {sieht verlockend aus} hxg4 (
44... Rc7 45. Rxc7 Kxc7 46. Ng5) 45. fxg4 Bf4 46. Nf6 Re7 47. d6 Re1 48. d7
Rc1+ 49. Kd5 Rd1+ 50. Ke4 Bc7 51. h5 $16) 44... Bb8 45. Kd4 Ke7 46. Rc8 Rb7 47.
Rh8 Bd6 48. Re8+ ({Ein gewonnenes Turmendspiel ergab} 48. Nxd6 Kxd6 49. f5 Rc7
50. fxg6 fxg6 51. Rg8 Rc1 52. Rxg6+ $18) 48... Kd7 49. Nf6+ Kc7 50. Kc4 $2 (50.
f5 gxf5 51. Nxh5 a5 52. Ng7 Kd7 53. h5 $18 {gewinnt noch immer}) 50... a5 {
remis} 1/2-1/2